Nuestra Natacha

Uloženo v:
Podrobná bibliografie
Hlavní autor: Casona, Alejandro (Autor)
Médium: Kniha
Jazyk:španělština
Vydáno: Buenos Aires Losada 1949
Vydání:2a. ed
Edice:Biblioteca Contemporánea, 114
Témata:
Tagy: Přidat tag
Žádné tagy, Buďte první, kdo vytvoří štítek k tomuto záznamu!

MARC

LEADER 00000nam a2200000 a 4500
001 UCQ4718
003 CL-VaPUC
008 980910e19490000AG |||||||||||||||||spa|d
082 0 4 |a 862  |b CAS  |2 21 
100 0 |a Casona, Alejandro  |e author  |9 418938 
245 1 0 |a Nuestra Natacha 
246 1 0 |a Otra vez el diablo 
250 |a 2a. ed 
300 |a 156 p 
942 |c BK 
945 |d 19980910 00:00:00  |a lriquelm 
260 |a Buenos Aires  |b Losada  |c 1949 
650 0 |a Dramas españoles  |9 267081 
650 0 |a Literatura española  |9 306261 
583 |a last modification  |c 19980910 00:00:00  |k Rodrigo Vera 
490 0 |a Biblioteca Contemporánea, 114 
999 |c 275023  |d 275021 
952 |0 0  |1 0  |4 0  |6 862_000000000000000_CAS_1949  |7 0  |8 A  |9 311531  |a BIBEDU  |b BIBEDU  |d 2019-11-20  |i 2895994  |o 862 CAS 1949  |p 2895994  |r 2019-11-20  |w 2019-11-20  |y BK  |k LIT